[Event "Bettle of the Legends :2015"]
[Site "SchemingMind.com"]
[Date "2015.05.02"]
[Round "-"]
[White "HECTORBSUEIRO"]
[Black "Ramesh Panwar"]
[Result "1/2-1/2"]
[WhiteCountry "ARG"]
[BlackCountry "IND"]
[WhiteElo "2519"]
[WhiteRD "116"]
[BlackElo "2355"]
[BlackRD "54"]
[GameID "379067"]

1. d4 Nf6 2. Nf3 e6 3. c4 b6 4. Nc3 Bb7 5. e3 d5 6. cxd5 exd5 7. Bb5+ c6 8. Bd3 Bd6 9. O-O O-O 10. e4 dxe4
11. Nxe4 Nxe4 12. Bxe4 Nd7 13. Bg5 Nf6 14. Bc2 h6 15. Bh4 c5 16. Qd3 c4 17. Qf5 Bc8 18. Qb5 Be6 19. d5 Qd7 20. Ba4 Qxb5
21. Bxb5 Nxd5 22. Bxc4 Rac8 23. Bxd5 Bxd5 24. Rfd1 Bxf3 25. Rxd6 Bg4 26. f3 Be6 27. Be1=
1/2-1/2

[Event "Bettle of the Legends :2015"]
[Site "SchemingMind.com"]
[Date "2015.05.03"]
[Round "-"]
[White "Don71"]
[Black "HECTORBSUEIRO"]
[Result "1/2-1/2"]
[WhiteCountry "NIR"]
[BlackCountry "ARG"]
[WhiteElo "2278"]
[WhiteRD "84"]
[BlackElo "2403"]
[BlackRD "86"]
[GameID "379108"]

1. e4 g6 2. d4 c6 3. Nf3 Bg7 4. Bd3 d6 5. O-O Nf6 6. Bf4 O-O 7. Nc3 Bg4 8. Be3 Nbd7 9. Be2 b5 10. a3 e5
11. dxe5 Bxf3 12. exf6 Bxe2 13. Qxe2 Bxf6 14. Rad1 Bxc3 15. bxc3 Nb6 16. Bxb6 axb6 17. c4 bxc4 18. Qxc4 Qc7 19. Qb4 Rfd8 20. c4 Ra5
21. Rd3 b5 22. cxb5 Rxb5 23. Qc3 Rc5 24. Qd4 Qe7=
1/2-1/2

[Event "Bettle of the Legends :2015"]
[Site "SchemingMind.com"]
[Date "2015.04.29"]
[Round "-"]
[White "Don71"]
[Black "Ramesh Panwar"]
[Result "0-1"]
[WhiteCountry "NIR"]
[BlackCountry "IND"]
[WhiteElo "2278"]
[WhiteRD "84"]
[BlackElo "2393"]
[BlackRD "58"]
[GameID "379110"]

1. e4 e5 2. Nf3 Nc6 3. Bb5 a6 4. Bxc6 dxc6 5. O-O Bd6 6. d4 exd4 7. Qxd4 f6 8. Be3 Ne7 9. Nbd2 Be6 10. Rad1 Ng6
11. Nc4 Bxc4 12. Qxc4 Qe7 13. Nd2 Ne5 14. Qe2 O-O-O 15. f4 Nd7 16. Rfe1 g5 17. fxg5 fxg5 18. Nc4 Bc5 19. Kh1 Bxe3 20. Qxe3 Nc5
21. e5 Kb8 22. Rxd8+ Rxd8 23. Na5 Rd5 24. Kg1 Ne6 25. Nb3 Qd7 26. Qe4 a5 27. a4 h5 28. Qf3 g4 29. Qe4 b6 30. Qe2 c5
31. Qc4 Qc6 32. Kf2 Nf8 33. Qe4 Qe6 34. Nc1 Rd4 35. Qe3 Qf5+ 36. Kg1 Ne6 37. c3 Rxa4 38. Qd3 Qxd3 39. Nxd3 c4 40. Nf2 Ra2
41. Nd1 a4 42. Kf1 b5 43. Re2 Kb7 44. Rf2 Kc6 45. Rf6 Kd5 46. Rh6 Ra1 47. Ke1 b4 48. Kd2 a3 49. bxa3 b3
0-1

[Event "Bettle of the Legends :2015"]
[Site "SchemingMind.com"]
[Date "2015.04.30"]
[Round "-"]
[White "Ramesh Panwar"]
[Black "PawnPusherPete"]
[Result "1/2-1/2"]
[WhiteCountry "IND"]
[BlackCountry "ENG"]
[WhiteElo "2355"]
[WhiteRD "54"]
[BlackElo "2419"]
[BlackRD "89"]
[GameID "379114"]

1. e4 d6 2. d4 Nf6 3. Nc3 e5 4. dxe5 dxe5 5. Qxd8+ Kxd8 6. Nf3 Bd6 7. a3 h6 8. Bc4 Ke7 9. Be3 Be6 10. Bxe6 Kxe6
11. O-O Nc6 12. Rfd1 Ng4 13. Nd5 Nxe3 14. Nxe3 g6 15. Re1 Rad8 16. c3 a5 17. a4 Bc5 18. Nd5 Rd7 19. g3 Ne7 20. b4 axb4
21. cxb4 c6 22. Rac1 Bd6 23. Nb6 Rc7 24. Rb1 Nc8 25. Nxc8 Rhxc8 26. Red1 Rd7 27. Kg2 c5 28. bxc5 Rxc5 29. Nd2 Bc7 30. Nb3 Rc2
31. Rdc1 Rxc1 32. Rxc1 Bd6 33. Nc5+ Bxc5 34. Rxc5 Rd4 35. Rb5=
1/2-1/2

[Event "Bettle of the Legends :2015"]
[Site "SchemingMind.com"]
[Date "2015.04.29"]
[Round "-"]
[White "palberto63"]
[Black "Don71"]
[Result "0-1"]
[WhiteCountry "CUB"]
[BlackCountry "NIR"]
[WhiteElo "2201"]
[WhiteRD "71"]
[BlackElo "2306"]
[BlackRD "86"]
[GameID "379139"]

1. d4 Nf6 2. c4 e6 3. Nf3 d5 4. Bg5 c5 5. Nc3 cxd4 6. Nxd4 e5 7. Nf3 d4 8. Nd5 Be7 9. Bxf6 Bxf6 10. e3 dxe3
11. Nxe3 O-O 12. Bd3 Na6 13. O-O Nc5 14. Bc2 e4 15. Nd2 Re8 16. Rb1 a5 17. Nd5 Bf5 18. f3 e3 19. Ne4 Be5 20. g3 Rc8
21. Kg2 Qd7 22. Nxc5 Bh3+ 23. Kh1 Rxc5 24. Nxe3 Bd4 25. Ng2 Rd8 26. Re1 Qc8 27. Bd3 Be6 28. b3 f5 29. Nf4 Bf7 30. Rc1 Kf8
31. Qc2 Qc6 32. Bf1 Qf6 33. Red1 Rcc8 34. Rd3 b5
0-1

[Event "Bettle of the Legends :2015"]
[Site "SchemingMind.com"]
[Date "2015.04.29"]
[Round "-"]
[White "Ramesh Panwar"]
[Black "palberto63"]
[Result "1/2-1/2"]
[WhiteCountry "IND"]
[BlackCountry "CUB"]
[WhiteElo "2393"]
[WhiteRD "58"]
[BlackElo "2376"]
[BlackRD "74"]
[GameID "379140"]

1. d4 Nf6 2. c4 e6 3. Nc3 Bb4 4. Nf3 b6 5. e3 Bb7 6. Bd3 Ne4 7. O-O f5 8. Bxe4 fxe4 9. Nd2 Bxc3 10. bxc3 O-O
11. Ba3 d6 12. Qb1 Qe8 13. c5 dxc5 14. Bxc5 Rf5 15. Ba3 Rg5 16. g3 Nd7 17. Nxe4 Ra5 18. Bb4 Ra4 19. Ng5 Nf6 20. Qb3 c5
21. dxc5 a5 22. Nxe6 Bd5 23. Nc7 Bxb3 24. Nxe8 Bc4 25. Nxf6+ gxf6 26. cxb6 Bxf1 27. b7 Rb8 28. Bd6 Rxb7 29. Kxf1 Rc4 30. a4 h5
31. Ke2 Rxc3 32. Ra2 Kf7 33. Kf3 Rc6 34. Bf4 Rb4 35. h4 Rbc4 36. g4 Rc2 37. Ra1 Rc1 38. Ra2 hxg4+ 39. Kxg4 R1c2 40. Ra1 Rxf2
41. h5 Rg2+ 42. Kf3 Rcc2 43. Rh1 Rcf2+ 44. Ke4 Rg8 45. h6 Rc2 46. Rd1 Rc4+ 47. Kf5 Rc5+ 48. Ke4 Re8+ 49. Kf3 Rc4 50. Rd4 Rec8
51. Rd7+ Kg6 52. Rg7+ Kf5 53. Rb7 Rxa4 54. e4+ Kg6 55. Rg7+ Kh5 56. Be3 Ra3 57. h7 Rh8 58. e5 fxe5 59. Ke4 a4 60. Bc5 Rb3
61. Kf5 Kh6 62. Ra7 Re8 63. h8=Q+ Rxh8 64. Rxa4 Re8 65. Rh4+ Kg7 66. Bd6 Rf3+ 67. Ke4 Rf1 68. Bxe5+=
1/2-1/2

[Event "Bettle of the Legends :2015"]
[Site "SchemingMind.com"]
[Date "2015.05.03"]
[Round "-"]
[White "HECTORBSUEIRO"]
[Black "palberto63"]
[Result "1/2-1/2"]
[WhiteCountry "ARG"]
[BlackCountry "CUB"]
[WhiteElo "2388"]
[WhiteRD "82"]
[BlackElo "2229"]
[BlackRD "67"]
[GameID "379141"]

1. d4 Nf6 2. Nf3 e6 3. c4 b6 4. a3 Ba6 5. Qc2 Bb7 6. Nc3 c5 7. dxc5 bxc5 8. Bf4 Be7 9. Rd1 O-O 10. e4 Nh5
11. Be3 a6 12. Be2 Qc7 13. e5 f6 14. Bd3 f5 15. Be2 Nc6 16. Qd2 Nxe5 17. Nxe5 f4 18. Qxd7 Qxe5 19. Qxb7 fxe3 20. Bxh5 Bh4
21. Bf7+ Kh8 22. g3 Bf6 23. f4 Qf5 24. Qf3 Bxc3+ 25. bxc3 Qxf7 26. O-O e5 27. Qxe3 exf4 28. Rxf4 Qc7 29. Qf3 Rg8 30. Rf7 Qb6
31. Qb7 Qg6 32. Rdf1 h6 33. Qd5 Rac8 34. Qf5 Qc6 35. Qe5=
1/2-1/2

[Event "Bettle of the Legends :2015"]
[Site "SchemingMind.com"]
[Date "2015.05.04"]
[Round "-"]
[White "HECTORBSUEIRO"]
[Black "Apocalypse"]
[Result "1/2-1/2"]
[WhiteCountry "ARG"]
[BlackCountry "USA"]
[WhiteElo "2388"]
[WhiteRD "82"]
[BlackElo "2459"]
[BlackRD "92"]
[GameID "379156"]

1. d4 d5 2. c4 e5 3. dxe5 d4 4. Nf3 Nc6 5. Nbd2 Bb4 6. a3 Bxd2+ 7. Qxd2 Bg4 8. b4 Nh6 9. Bb2 Qe7 10. Nxd4 Nxe5
11. e3 O-O-O 12. Be2 Rhe8 13. c5 Nc6 14. Nxc6 bxc6 15. Qc2 Bxe2 16. Qxe2 Qe4 17. O-O Nf5 18. Qa6+ Kb8 19. Bd4 Ka8 20. h3 h5
21. Rab1 Rb8 22. Rbd1 g5 23. Qd3 Qe6 24. Ba1 g4 25. hxg4 hxg4 26. g3 Red8 27. Qc2 Ne7 28. Rfe1 Kb7 29. Qb2=
1/2-1/2

[Event "Bettle of the Legends :2015"]
[Site "SchemingMind.com"]
[Date "2015.05.04"]
[Round "-"]
[White "Don71"]
[Black "Apocalypse"]
[Result "1-0"]
[WhiteCountry "NIR"]
[BlackCountry "USA"]
[WhiteElo "2294"]
[WhiteRD "84"]
[BlackElo "2392"]
[BlackRD "83"]
[GameID "379158"]

1. e4 c6 2. d4 d5 3. Nc3 b5 4. Bd3 b4 5. Nce2 dxe4 6. Bxe4 Nf6 7. Bd3 Bb7 8. Nf3 Nbd7 9. c4 bxc3 10. Nxc3 e6
11. O-O Be7 12. Qe2 O-O 13. Rd1 Qc7 14. Bg5 c5 15. Rac1 Bxf3 16. Qxf3 cxd4 17. Nb5 Qb6 18. Rc7 a6 19. Bxf6 Bxf6 20. Rxd7 axb5
21. a3 Ra7 22. Qh5 g6 23. Qxb5 Qxb5 24. Bxb5 Rxd7 25. Bxd7 Rd8 26. Bb5 e5 27. b4 Be7 28. Kf1 f5 29. f3 Kf7 30. Ke2 Ra8
31. Rd3 Rc8 32. f4 Rc2+ 33. Kf1 Kf6 34. fxe5+ Kxe5 35. Rb3 Kd5 36. Rh3 Rc1+ 37. Kf2 Bg5 38. Rxh7 Rc2+ 39. Kf1 Ke4 40. Rh8 d3
41. Re8+ Kd4 42. Re6 d2 43. Be2 Rc1+ 44. Kf2 Bf4 45. g3 Be5 46. Re8 Bc7 47. Re7 Bd6 48. Rg7 Ke5 49. Rxg6 d1=Q 50. Bxd1 Rxd1
51. h4 Rd2+ 52. Ke1 Rd3 53. h5 Rxa3 54. b5 Rb3 55. g4
1-0

[Event "Bettle of the Legends :2015"]
[Site "SchemingMind.com"]
[Date "2015.05.04"]
[Round "-"]
[White "Apocalypse"]
[Black "Ramesh Panwar"]
[Result "0-1"]
[WhiteCountry "USA"]
[BlackCountry "IND"]
[WhiteElo "2406"]
[WhiteRD "84"]
[BlackElo "2402"]
[BlackRD "60"]
[GameID "379160"]

1. e4 e5 2. Nf3 Nc6 3. Nc3 Nf6 4. Nxe5 Nxe5 5. d4 Ng6 6. e5 Ng8 7. Qf3 d5 8. Qxd5 Be7 9. h4 Nxh4 10. Qe4 c6
11. d5 Bf5 12. Qa4 b5 13. Qf4 g5 14. Qg3 b4 15. d6 bxc3 16. Qxc3 Qc8 17. Be3 Ng6 18. dxe7 h6 19. e6 Qxe6 20. O-O-O N8xe7
21. Bxg5 Nd5 22. Qd4 f6 23. Rxh6 Rxh6 24. Bxh6 Ne5 25. Be2 Bg6 26. Kb1 Kf7 27. a3 Qf5 28. Rc1 Qe4 29. Qxe4 Bxe4 30. f3 Bf5
31. Bd2 Rh8 32. Rg1 Ng6 33. Bc4 Rh2 34. Kc1 Kg7 35. Bf1 Ne5 36. Be2 c5 37. b3 Nc6 38. c4 Nb6 39. Be3 Nd4 40. Bd1 Bg6
41. Kd2 Rh8 42. Re1 Rd8 43. Kc3 a5 44. Bxd4 Rxd4 45. Be2 Rd7 46. Bf1 Bf7 47. f4 Rb7 48. a4 Kf8 49. Re3 Re7 50. Rf3 Be6
51. Rg3 Rg7 52. Re3 Bd7 53. Kb2 Na8 54. Rd3 Nc7 55. Rd2 Bf5 56. Rd6 Ke7 57. Rc6 Ne6 58. Ra6 Rg4 59. Ra7+ Kf8 60. Kc3 Nd4
61. Kd2 Nxb3+ 62. Ke3 Ke8 63. Ra8+ Kf7 64. Ra7+= Kg6 65. Ra8= Rg3+ 66. Kf2 Rc3 67. Rg8+ Kf7 68. Rb8 Bg4 69. Rd8 Be6 70. Be2 Rc2
71. Ke3 Nd4 72. Bd3 Rxg2 73. Ra8 Rg3+ 74. Kd2 Bd7 75. Ra7 Ke7 76. Be4 Ra3 77. Bb7 Bxa4 78. Ke1 Bb3 79. Bd5+ Kd8 80. Ra8+ Kc7
81. Ra7+ Kb6 82. Rb7+ Ka6 83. Rc7 Ra2 84. Rxc5 a4 85. Rc8 Ka5 86. Ra8+ Kb4 87. Rb8+ Kc3 88. Ra8 Ra1+ 89. Kf2 a3 90. Kg3 a2
91. Be4 Re1 92. Bh7 Bxc4 93. Ra3+= Kb4 94. Ra7 Re3+
0-1

[Event "Bettle of the Legends :2015"]
[Site "SchemingMind.com"]
[Date "2015.05.04"]
[Round "-"]
[White "Apocalypse"]
[Black "palberto63"]
[Result "1-0"]
[WhiteCountry "USA"]
[BlackCountry "CUB"]
[WhiteElo "2459"]
[WhiteRD "92"]
[BlackElo "2229"]
[BlackRD "67"]
[GameID "379161"]

1. e4 c5 2. Nf3 d6 3. c3 Nf6 4. Bd3 Nc6 5. Bc2 Bg4 6. d3 e6 7. Nbd2 d5 8. h3 Bh5 9. Ba4 Be7 10. exd5 exd5
11. Nf1 Bg6 12. Ng3 O-O 13. O-O Re8 14. Bf4 Bd6 15. Bxd6 Qxd6 16. Qd2 Nh5 17. Ne2 Rab8 18. Bb5 h6 19. Rfe1 Bh7 20. b4 Nf6
21. Rac1 a6 22. Bxc6 bxc6 23. bxc5 Qxc5 24. c4 Qb4 25. Qxb4 Rxb4 26. cxd5 cxd5 27. Rc3 Kf8 28. Nc1
1-0

[Event "Bettle of the Legends :2015"]
[Site "SchemingMind.com"]
[Date "2015.04.29"]
[Round "-"]
[White "shg"]
[Black "Ramesh Panwar"]
[Result "1/2-1/2"]
[WhiteCountry "POL"]
[BlackCountry "IND"]
[WhiteElo "2274"]
[WhiteRD "73"]
[BlackElo "2355"]
[BlackRD "54"]
[GameID "379162"]

1. d4 d5 2. c4 e6 3. Nc3 Nf6 4. Bg5 Nbd7 5. Nf3 h6 6. Bh4 c6 7. e3 Be7 8. Bd3 dxc4 9. Bxc4 b5 10. Be2 O-O
11. O-O Bb7 12. Qc2 b4 13. Ne4 Nxe4 14. Qxe4 Bxh4 15. Nxh4 Qb6 16. Rfd1 c5 17. dxc5 Nxc5 18. Qf4 Rad8 19. Nf3 Bxf3 20. gxf3 Na4
21. a3 Rxd1+ 22. Rxd1 Nxb2 23. Rd6 Qc7 24. axb4 Rd8 25. Rxd8+ Qxd8 26. Qe5 Qd2 27. Qb5 Nd1 28. Qb8+ Kh7 29. Kf1 Nc3 30. Bc4 Nd1
31. Be2 Nc3 32. Bc4 Nd1 33. Be2 Nc3 34. Bc4 Nd1 35. Be2=
1/2-1/2

[Event "Bettle of the Legends :2015"]
[Site "SchemingMind.com"]
[Date "2015.05.04"]
[Round "-"]
[White "shg"]
[Black "HECTORBSUEIRO"]
[Result "1-0"]
[WhiteCountry "POL"]
[BlackCountry "ARG"]
[WhiteElo "2365"]
[WhiteRD "74"]
[BlackElo "2403"]
[BlackRD "86"]
[GameID "379163"]

1. d4 Nf6 2. c4 d6 3. Nc3 g6 4. e4 Bg7 5. Nf3 O-O 6. Be2 e5 7. O-O exd4 8. Nxd4 Re8 9. f3 c6 10. Bf4 Nh5
11. Be3 f5 12. Qd2 f4 13. Bf2 Be5 14. Rfd1 Na6 15. c5 dxc5 16. Nb3 Qxd2 17. Nxd2 Nc7 18. Nc4 b6 19. Nxe5 Rxe5 20. Rd8+ Kg7
21. a3 Nf6 22. b4 Ne6 23. Rd6 Ne8 24. Rd2 Kh6 25. Na4 cxb4 26. axb4 Rb8 27. h4 Kg7 28. Nb2 a5 29. Rc1 c5 30. bxa5 bxa5
31. g4 Nd4 32. Bd1 Re7 33. Rxc5 Ne6 34. Rxa5 N8c7 35. Be2 Bd7 36. Bc4 Bb5 37. Ba2 Kf8 38. Rd6 Be2 39. Nd3 Bxd3 40. Rxd3 Ke8
41. Bb3 Rd8 42. Ba4+ Kf7 43. Rxd8 Nxd8 44. Bb6 Nde6 45. g5 Ne8 46. Bc6
1-0

[Event "Bettle of the Legends :2015"]
[Site "SchemingMind.com"]
[Date "2015.05.01"]
[Round "-"]
[White "shg"]
[Black "Apocalypse"]
[Result "1-0"]
[WhiteCountry "POL"]
[BlackCountry "USA"]
[WhiteElo "2365"]
[WhiteRD "74"]
[BlackElo "2396"]
[BlackRD "98"]
[GameID "379164"]

1. d4 f5 2. c4 Nf6 3. g3 g6 4. Bg2 Bg7 5. Nf3 O-O 6. O-O d6 7. Nc3 Qe8 8. d5 Na6 9. Rb1 c5 10. dxc6 bxc6
11. b4 Bd7 12. Qb3 Nc7 13. b5 cxb5 14. cxb5+ Be6 15. Qa3 Bd7 16. Qa5 Rc8 17. Bb2 f4 18. gxf4 Nh5 19. e3 Bf5 20. Rbc1 Nxb5
21. Nxb5 Bxb2 22. Rxc8 Qxc8 23. Nxa7 Qd7 24. a4 e5 25. fxe5 Be4 26. e6 Qb7 27. Nb5 Bxf3 28. Nxd6 Qe7 29. Bxf3 Rxf3 30. Nf7 Rf6
31. Qa8+ Qf8 32. Qb7 Rxe6 33. Ng5 Re7 34. Qb3+ Kg7 35. Qxb2+ Kh6 36. h4 Qf5 37. Qb4 Nf6 38. Rd1 Ng4 39. Rd2
1-0

[Event "Bettle of the Legends :2015"]
[Site "SchemingMind.com"]
[Date "2015.04.29"]
[Round "-"]
[White "shg"]
[Black "Don71"]
[Result "1-0"]
[WhiteCountry "POL"]
[BlackCountry "NIR"]
[WhiteElo "2358"]
[WhiteRD "75"]
[BlackElo "2272"]
[BlackRD "84"]
[GameID "379165"]

1. d4 Nf6 2. c4 e6 3. Nf3 d5 4. Nc3 c5 5. cxd5 cxd4 6. Qxd4 exd5 7. Bg5 Be7 8. e3 O-O 9. Be2 Nc6 10. Qd3 Nb4
11. Qd1 Be6 12. O-O Ne4 13. Bxe7 Qxe7 14. Qa4 Nxc3 15. bxc3 Nc6 16. Nd4 Rac8 17. Rab1 Rfd8 18. Rfe1 a6 19. Qb3 Rd7 20. Nxe6 fxe6
21. e4 d4 22. Rbd1 Kh8 23. Bg4 Re8 24. e5 d3 25. Re3 Rd5 26. Bf3 Rb5 27. Qa4 Ra5 28. Qf4 Rf8 29. Qg3 Rxa2 30. Rexd3 Qc5
31. Rd7 Ne7 32. Rd8 Rxd8 33. Rxd8+ Ng8 34. h3 Ra1+ 35. Kh2 Re1 36. Bg4 Qe7 37. Rb8 Re4 38. Bf3 Rc4 39. Rxb7 Rc7 40. Rb6 Rxc3
41. Rxa6 Qf7 42. Qg4 g6 43. Kg3 Kg7 44. Qxe6 Qxe6 45. Rxe6 Rb3 46. Rd6 Ne7 47. Rd2 Kf7 48. Re2 Ke6 49. Kg4 Rb5 50. Be4 Rxe5
51. f4 h5+ 52. Kf3 Ra5 53. Bxg6+ Kf6 54. Be4 Nf5 55. Bxf5 Kxf5 56. g4+ Kg6 57. Re6+ Kf7 58. f5 Ra3+ 59. Kf4 hxg4 60. hxg4
1-0

[Event "Bettle of the Legends :2015"]
[Site "SchemingMind.com"]
[Date "2015.04.29"]
[Round "-"]
[White "palberto63"]
[Black "shg"]
[Result "1/2-1/2"]
[WhiteCountry "CUB"]
[BlackCountry "POL"]
[WhiteElo "2376"]
[WhiteRD "74"]
[BlackElo "2365"]
[BlackRD "74"]
[GameID "379168"]

1. d4 Nf6 2. c4 g6 3. g3 Bg7 4. Nf3 O-O 5. Bg2 d6 6. Nc3 Nc6 7. O-O e5 8. d5 Ne7 9. e4 Ne8 10. b4 f5
11. Bb2 a5 12. b5 h6 13. Ne1 fxe4 14. Nxe4 Nf6 15. Nxf6+ Bxf6 16. Nd3 g5 17. Be4 Bg7 18. f3 Bf5 19. c5 Qd7 20. Qb3 a4
21. Qb4 g4 22. b6 a3 23. Bc3 gxf3 24. bxc7 Bxe4 25. Qxe4 dxc5 26. Nxe5 Qxc7 27. Qg4 Ra6 28. Rae1 Qc8 29. Nd7 Rg6 30. Qa4 f2+
31. Rxf2 Rxf2 32. Kxf2 Nxd5 33. Qe4 Rd6 34. Bxg7 Qxd7 35. Be5 Qf7+ 36. Kg1 Rd7 37. Qa4 Re7 38. Qxa3 Qh5 39. Bc3 Rxe1+ 40. Bxe1 b6
41. Qd3 Kf7 42. a4 Ke6 43. Bf2=
1/2-1/2

[Event "Bettle of the Legends :2015"]
[Site "SchemingMind.com"]
[Date "2015.05.04"]
[Round "-"]
[White "HECTORBSUEIRO"]
[Black "frankly"]
[Result "1/2-1/2"]
[WhiteCountry "ARG"]
[BlackCountry "ENG"]
[WhiteElo "2462"]
[WhiteRD "93"]
[BlackElo "2425"]
[BlackRD "59"]
[GameID "379254"]

1. d4 Nf6 2. Nf3 d5 3. c4 e6 4. Nc3 c5 5. cxd5 cxd4 6. Qxd4 exd5 7. e4 dxe4 8. Qxd8+ Kxd8 9. Ng5 Be6 10. Nxe6+ fxe6
11. Bg5 Ke8 12. Bb5+ Kf7 13. O-O-O a6 14. Ba4 b5 15. Bb3 Nbd7 16. Bc2 Rc8 17. Kb1 h6 18. Be3 Nc5 19. Bxc5 Bxc5 20. Nxe4 Nxe4
21. Bxe4 Ke7 22. f3 a5 23. Rd2 Rhd8 24. Re2 Bd4 25. Rhe1 Rd6 26. f4 g5 27. fxg5 hxg5 28. Bf3 Rc4 29. Rc2 Rxc2 30. Kxc2 e5=
1/2-1/2

[Event "Bettle of the Legends :2015"]
[Site "SchemingMind.com"]
[Date "2015.05.01"]
[Round "-"]
[White "Don71"]
[Black "frankly"]
[Result "1/2-1/2"]
[WhiteCountry "NIR"]
[BlackCountry "ENG"]
[WhiteElo "2319"]
[WhiteRD "96"]
[BlackElo "2425"]
[BlackRD "59"]
[GameID "379255"]

1. e4 c5 2. Nf3 Nc6 3. Nc3 e5 4. Bc4 d6 5. d3 Be7 6. O-O Nf6 7. Bg5 Bg4 8. h3 Be6 9. Bxf6 Bxf6 10. Nd5 O-O
11. Re1 Rb8 12. a4 Nd4 13. Nxd4 cxd4 14. c3 dxc3 15. bxc3 Bg5 16. Qb3 Kh8 17. Ra2 Bd7 18. a5 f5 19. exf5 Rxf5 20. d4 Bh6
21. Rae2 exd4 22. cxd4 Qxa5 23. Rb1 Rff8 24. Ra2 Qd8 25. Rxa7 Qh4 26. Rxb7 Qxf2+ 27. Kh1 Rxb7 28. Qxb7 Qc2 29. Rf1 Rxf1+ 30. Bxf1 Qc8
31. Qb4=
1/2-1/2

[Event "Bettle of the Legends :2015"]
[Site "SchemingMind.com"]
[Date "2015.05.05"]
[Round "-"]
[White "frankly"]
[Black "Apocalypse"]
[Result "0-1"]
[WhiteCountry "ENG"]
[BlackCountry "USA"]
[WhiteElo "2460"]
[WhiteRD "56"]
[BlackElo "2459"]
[BlackRD "92"]
[GameID "379257"]

1. d4 d5 2. Nf3 Nf6 3. c4 c6 4. e3 Bf5 5. Nc3 e6 6. Nh4 Bg6 7. Nxg6 hxg6 8. Bd3 Qc7 9. h3 Nbd7 10. O-O Be7
11. a3 Kf8 12. Qe2 Kg8 13. f4 c5 14. cxd5 exd5 15. Qf3 Nb6 16. b3 a6 17. dxc5 Bxc5 18. Bd2 Qe7 19. b4 Bd6 20. Rfe1 g5
21. Rad1 Re8 22. Bb1 Rh4 23. Re2 Ne4 24. Nxe4 dxe4 25. Qg3 Nc4 26. Qxg5 Nxa3 27. Ba2 Nb5 28. Bc4 Rh6 29. Bxb5 axb5 30. Qxb5 Bc7
31. Bc3 Rb6 32. Qf5 Re6 33. Kh2 Rc6 34. Rd7 Qe6 35. Qxe6 Rexe6 36. Bd4 Red6 37. Re7 f6 38. Kg3 Rd5 39. Ra2 Kf8 40. Rxe4 Bd6
41. Kf3 Rb5 42. Ra8+ Kf7 43. Rd8 Bxb4 44. Rd7+ Kf8 45. g4 Rd6 46. Ree7 Rxd7 47. h4 Rxe7
0-1

[Event "Bettle of the Legends :2015"]
[Site "SchemingMind.com"]
[Date "2015.04.30"]
[Round "-"]
[White "PawnPusherPete"]
[Black "frankly"]
[Result "1/2-1/2"]
[WhiteCountry "ENG"]
[BlackCountry "ENG"]
[WhiteElo "2430"]
[WhiteRD "90"]
[BlackElo "2425"]
[BlackRD "59"]
[GameID "379258"]

1. d4 Nf6 2. Nf3 d5 3. c4 c5 4. cxd5 cxd4 5. Nxd4 Nxd5 6. e4 Nf6 7. Bb5+ Bd7 8. Bxd7+ Nbxd7 9. Nc3 e6 10. O-O Bb4
11. Qe2 O-O 12. e5 Nb6 13. Nxe6 fxe6 14. exf6 Qxf6 15. Bd2 Qf5 16. Rae1 Rac8 17. Qxe6+ Qxe6 18. Rxe6 Nc4 19. Be3 b6 20. Re4 Nxe3
21. Rxe3 Rfd8 22. a3 Bxc3=
1/2-1/2

[Event "Bettle of the Legends :2015"]
[Site "SchemingMind.com"]
[Date "2015.04.30"]
[Round "-"]
[White "frankly"]
[Black "Ramesh Panwar"]
[Result "1-0"]
[WhiteCountry "ENG"]
[BlackCountry "IND"]
[WhiteElo "2441"]
[WhiteRD "62"]
[BlackElo "2355"]
[BlackRD "54"]
[GameID "379259"]

1. d4 d5 2. Nf3 Nf6 3. c4 e6 4. Bg5 Nbd7 5. cxd5 exd5 6. Qc2 Nb6 7. e3 Bd6 8. Bh4 h6 9. Nc3 O-O 10. Bd3 Re8
11. O-O g5 12. Bg3 Bxg3 13. fxg3 Ng4 14. Nd1 Nd7 15. Bf5 Nxe3 16. Nxe3 Rxe3 17. Rf2 f6 18. h4 c5 19. Nh2 Kg7 20. Raf1 cxd4
21. Bxd7 Bxd7 22. Rxf6 Qxf6 23. Rxf6 Kxf6 24. Qh7 Rc8 25. Qxh6+ Ke7 26. Qxg5+ Kd6 27. Nf3 Re4 28. h5 d3 29. h6 Bg4 30. Qf6+ Kc7
31. Nd2 Re1+ 32. Kh2 Bd7 33. h7 Ree8 34. g4
1-0

[Event "Bettle of the Legends :2015"]
[Site "SchemingMind.com"]
[Date "2015.04.30"]
[Round "-"]
[White "frankly"]
[Black "palberto63"]
[Result "1-0"]
[WhiteCountry "ENG"]
[BlackCountry "CUB"]
[WhiteElo "2460"]
[WhiteRD "56"]
[BlackElo "2229"]
[BlackRD "67"]
[GameID "379260"]

1. d4 Nf6 2. Nf3 g6 3. c4 Bg7 4. Nc3 d5 5. Qa4+ Bd7 6. Qb3 dxc4 7. Qxc4 O-O 8. e4 Nc6 9. Be2 Bg4 10. d5 Bxf3
11. gxf3 Ne5 12. Qb3 c6 13. f4 Ned7 14. Be3 cxd5 15. e5 Ne4 16. Nxe4 dxe4 17. O-O Nb6 18. Rfd1 Qb8 19. e6 f5 20. Rac1 Bf6
21. a4 Qe8 22. Bb5 Qb8 23. a5 Nc8 24. Rd7 Nd6 25. Rcc7 h6 26. Ba4 b5 27. axb6 axb6 28. Rxe7 Rc8 29. Rxc8+ Qxc8 30. Rd7 Qc4
31. Qxc4 Nxc4 32. e7 Nxe3 33. Ra7 Re8 34. Bxe8 Nd5 35. b4 Bxe7 36. Bxg6 Kf8 37. Bxf5 Nxf4 38. Rb7 Bxb4 39. Rxb6 Bc5 40. Rxh6 e3
41. fxe3 Bxe3+ 42. Kf1 Kg7 43. Ra6 Bc5 44. Be4 Bd4 45. h4 Bf6 46. Ra7+ Kg8 47. Bh7+ Kf8 48. h5 Nxh5 49. Bg6 Ng3+ 50. Kg2 Be5
51. Rf7+ Kg8 52. Kf3 Bd6 53. Rd7 Be5 54. Kg4 Kf8 55. Rf7+ Kg8 56. Re7 Bf6 57. Re1 Kg7 58. Bc2
1-0

[Event "Bettle of the Legends :2015"]
[Site "SchemingMind.com"]
[Date "2015.04.30"]
[Round "-"]
[White "shg"]
[Black "frankly"]
[Result "1/2-1/2"]
[WhiteCountry "POL"]
[BlackCountry "ENG"]
[WhiteElo "2306"]
[WhiteRD "74"]
[BlackElo "2425"]
[BlackRD "59"]
[GameID "379261"]

1. d4 Nf6 2. c4 e6 3. Nf3 Bb4+ 4. Bd2 Qe7 5. g3 Bxd2+ 6. Qxd2 Nc6 7. Nc3 d5 8. cxd5 exd5 9. Bg2 Bf5 10. O-O O-O
11. Qf4 Be4 12. e3 Nd8 13. Nxe4 Nxe4 14. Nh4 g6 15. Qe5 Qxe5 16. dxe5 Ne6 17. Rfd1 c6 18. Rac1 a5 19. f3 N4c5 20. f4 Ra6
21. Nf3 Rb6 22. Rc2 Rb4 23. Kf2 Ne4+ 24. Ke2 f5 25. exf6 Nxf6 26. Ne5 Rb5 27. Bf3 Re8 28. Kf2 Nc5 29. Kg2 Nce4 30. g4 Nd6
31. Be2 Rb4 32. Kf3 g5 33. Rd4 Nfe4 34. Rxb4 axb4 35. Bd3 Ra8 36. b3 h6 37. h4 gxh4 38. Bxe4 Nxe4 39. Nd3 c5 40. Rh2 Kg7
41. Rxh4 Rxa2 42. Rh5 c4 43. bxc4 Nd2+ 44. Kg3 Nf1+ 45. Kf3 b3 46. Rxd5 Nd2+ 47. Kg3 b2 48. Nxb2 Rxb2 49. c5 Ne4+ 50. Kf3 Nf6
51. Rd6 Kf7 52. g5 hxg5 53. fxg5 Ne8=
1/2-1/2

[Event "Bettle of the Legends :2015"]
[Site "SchemingMind.com"]
[Date "2015.05.04"]
[Round "-"]
[White "Marcel51"]
[Black "HECTORBSUEIRO"]
[Result "0-1"]
[WhiteCountry "FRA"]
[BlackCountry "ARG"]
[WhiteElo "2269"]
[WhiteRD "99"]
[BlackElo "2519"]
[BlackRD "116"]
[GameID "379333"]

1. e4 g6 2. d4 Bg7 3. Nf3 d6 4. Nc3 c6 5. Be2 Nd7 6. O-O Qc7 7. a4 Ngf6 8. Qd3 a5 9. Be3 O-O 10. Rad1 Nb6
11. b3 d5 12. e5 Ne4 13. Nh4 g5 14. Nxe4 dxe4 15. Qxe4 gxh4 16. Bd3 f5 17. Qxf5 Bxf5
0-1

[Event "Bettle of the Legends :2015"]
[Site "SchemingMind.com"]
[Date "2015.05.03"]
[Round "-"]
[White "Marcel51"]
[Black "Don71"]
[Result "0-1"]
[WhiteCountry "FRA"]
[BlackCountry "NIR"]
[WhiteElo "2179"]
[WhiteRD "88"]
[BlackElo "2278"]
[BlackRD "84"]
[GameID "379334"]

1. d4 Nf6 2. c4 e6 3. Nf3 d5 4. Nc3 c5 5. cxd5 cxd4 6. Qxd4 exd5 7. e4 Nc6 8. Bb5 dxe4 9. Qxd8+ Kxd8 10. Ng5 Ke8
11. O-O Bf5 12. Re1 Bb4 13. Bd2 Kf8 14. Bxc6 bxc6 15. Ncxe4 Be7 16. Rac1 Rd8 17. Ng3 Bg4 18. Rc2 h5 19. Be3 h4 20. N3e4 Bf5
21. Rc4 Rh5 22. Nxf6 Bxf6 23. Rc5 g6 24. f4 Bxb2
0-1